Statistics for Trick questions

Click here to take the quiz!

General Stats

  • This quiz has been taken 108 times
    (107 since last reset)
  • The average score is 5 of 16

Answer Stats

HintAnswer% Correct
Do you know what is the largest seaYes / no
80%
Sams father has 5 son Hugo, James, Donald, Jeff and...Sam
69%
Before greenland was founded, what was the largest islandGreenland
63%
Vatican city is anCountry
57%
If Sofia has five Sisters and eachother of them has brother, how many sibilings does Sofia have?6
50%
In which contitent is the most largest desert locatedAntartica
31%
How many seconds are there in a year12
27%
Which country has the most pyramidsSudan
26%
What is bird, fruit and personKiwi
23%
Who is the president of the Thailand?No one
23%
What is bought to eat, but it isnt never eatedPlate
14%
What company sells the most toysMcDonald's
10%
Which country is east London locatedSouth africa
6%
What shoots, were used in the iraq gulf war, but never hurts anyoneCamera
2%
El Salvador is part of Hispanoamerica, Quebec is part ofLatinoamerica
1%
What company sells whopper,s whit milkThe herseys
0%

Score Distribution

Percentile by Number Answered

Percent of People with Each Score

Your Score History

You have not taken this quiz since the last reset